Machete = Machete /

Shranjeno v:
Bibliografske podrobnosti
Glavni avtor: Rodriguez, Robert (realización)
Drugi avtorji: Maniquis, Ethan (realización) (realización), Rodriguez, Robert (guión) (guión), Rodriguez, Alvaro (guión) (guión), Lindsey, Jimmy (fotógrafo) (fotógrafo), Rodriguez, Robert (montaje) (montaje), Rodriguez, Rebecca (montaje) (montaje), Chingón (Grupo Musical) (música) (música), Trejo, Danny (actuación) (actuación), Seagal, Steven (actuación) (actuación), Rodriguez, Michelle (actuación) (actuación)
Format: Slide
Jezik:angleščina
Teme:
Oznake: Označite
Brez oznak, prvi označite!

MARC

LEADER 00000ngm^a2200000^a^4500
001 000312904
005 20250521000000.0
009 20260310113127.766
037 |a Acervo ITESO - Biblioteca 
041 |a ING 
082 |a 819. 3  |b ROD 
100 |a Rodriguez, Robert  |e (realización) 
240 1 1 |a [Machete] 
245 1 0 |a Machete =  |b Machete /  |c Realización de R. Rodriguez, E. Maniquis. 
264 2 |a Los Angeles, EUA :  |b Sony Pictures [distribución],  |c 2011, c2011 
300 |a 1 DVD regiones 1 y 4  |c (105 min.) 
336 |a imagen móvil bidimensional  |b tdi  |2 rdacontenido 
337 |a video  |b v  |2 rdamedio 
338 |a videodisco  |b vd  |2 rdasoporte 
546 |a En inglés, con subtítulos opcionales: español, inglés, japonés, mandarín, portugués 
546 |a Doblaje opcional: español, japonés 
649 |a XX 
650 |a Hombres en el Cine 
650 |a Comedias de Humor Negro 
650 |a Comedias Cinematográficas 
650 |a Cine Independiente -  |z EUA 
650 |a Cine Chicano -  |y 2010-2019 
650 |a Cine Norteamericano -  |y 2010-2019 
650 |a Cine Chicano -  |y Siglo XXI 
650 |a Cine Norteamericano -  |y Siglo XXI 
650 |a Migración Ilegal -  |z México-EUA 
650 |a Crimen Organizado 
650 |a Asesinato 
650 |a Violencia 
650 |a Venganza 
650 |a Corrupción 
650 |a Traición 
700 |a Maniquis, Ethan  |e (realización) 
700 |a Rodriguez, Robert  |e (guión) 
700 |a Rodriguez, Alvaro  |e (guión) 
700 |a Lindsey, Jimmy  |e (fotógrafo) 
700 |a Rodriguez, Robert  |e (montaje) 
700 |a Rodriguez, Rebecca  |e (montaje) 
700 |a Chingón (Grupo Musical)  |e (música) 
700 |a Trejo, Danny  |e (actuación) 
700 |a Seagal, Steven  |e (actuación) 
700 |a Rodriguez, Michelle  |e (actuación) 
910 |a Fondo General 
920 |a Audiovisuales - DVDs 
940 |a Películas 
905 |a 302 
901 |a 0500202351  |b IT2  |c DVS  |i C129048  |u 20250521 
902 |a https://opac.biblio.iteso.mx/vufind/Record/000312904